000 00703nam a22002297a 4500
003 UA-OsUOA
001 77094
007 ta
008 20110901b un ||||| |||| 00| 0 ukr d
100 _aФедірко Н.
700 _aФедірко О.
090 _a330(477)
_bФ32
942 _cSA
040 _aUA-OsUOA
_bukr
_cUA-OsUOA
_dUA-OsUOA
245 _aДержавне регулювання оплати праці: світовий досвід і практика України
300 _aС.22-31
955 _a0
041 _aukr
080 _a330(477)
773 0 _w77091
_tУкраїна: аспекти праці
_dК.
_d2011
_g5
650 7 _a330 Економіка взагалі
_2UDC
999 _c363397
_d363397